000 00300nam a2200121Ia 4500
008 240731s9999 xx 000 0 und d
022 _a1558-0423
245 0 _aRussian Education & Society
260 _bRoutledge
856 _uhttps://www.tandfonline.com/loi/mres20
942 _2ddc
942 _cTFEJ
999 _c79279
_d79279
945 _a1
_bMadushi Gamage
_c1
_dMadushi Gamage